| 000 | 00890cab a2200277 4500 | ||
|---|---|---|---|
| 001 | WB3503-16 | ||
| 008 | 090401t1999 xxu||||| |||| 00| 0 eng d | ||
| 035 | _a(Sirsi) u90830 | ||
| 041 | _aeng | ||
| 245 | _aHeritage value | ||
| 260 | _c1999 | ||
| 350 | _a0 | ||
| 490 |
_aGuardian _v20 January 1999, 10(1) |
||
| 520 | _a58% of people have said they would be happy to pay more tax to improve the setting of Stonehenge. A survey by English Heritage estimates there are enough people willing enough to preserve the monument to raise £183m in tax over two years. | ||
| 650 | _aANCIENT MONUMENTS | ||
| 650 | _aBUILDING CONSERVATION | ||
| 650 | _aCOST BENEFIT ANALYSIS | ||
| 650 | _aENGLISH HERITAGE | ||
| 650 | _aHERITAGE BENEFITS | ||
| 650 | _aNATIONAL HERITAGE | ||
| 650 | _aSTONEHENGE | ||
| 650 | _aVALUE | ||
| 690 | _aCONSERVATION | ||
| 942 | _n0 | ||
| 948 | _c20/01/1999 | ||
| 999 |
_c57614 _d57614 |
||